ბათუმის შოთა რუსთაველის სახელმწიფო უნივერსიტეტის ბიბლიოთეკა

ზოგადი ეკონომიკსი ( ლექციების კურსი) (ბიბ.ჩანაწერი № 36677)

000 -LEADER
fixed length control field 00578nam a2200193Ia 4500
001 - CONTROL NUMBER
control field 2604
003 - CONTROL NUMBER IDENTIFIER
control field GE_BSU
008 - FIXED-LENGTH DATA ELEMENTS--GENERAL INFORMATION
fixed length control field 181216s||||||||xx |||||||||||||| ||und||
020 ## - INTERNATIONAL STANDARD BOOK NUMBER
International Standard Book Number 9992845104
040 ## - CATALOGING SOURCE
Transcribing agency GE_BSU
080 ## - UNIVERSAL DECIMAL CLASSIFICATION NUMBER
Universal Decimal Classification number 330(075.8)
245 ## - TITLE STATEMENT
Title ზოგადი ეკონომიკსი ( ლექციების კურსი)
260 ## - PUBLICATION, DISTRIBUTION, ETC.
Place of publication, distribution, etc. ქუთაისი
260 ## - PUBLICATION, DISTRIBUTION, ETC.
Date of publication, distribution, etc. 2008
300 ## - PHYSICAL DESCRIPTION
Extent 216 გვ.
653 ## - INDEX TERM--UNCONTROLLED
Uncontrolled term ლექციების ზოგადი ეკონომიკსი ( კურსი)
942 ## - ADDED ENTRY ELEMENTS (KOHA)
Koha item type წიგნი
ეგზემპლარები
Withdrawn status Lost status Damaged status Not for loan Date acquired Barcode Date last seen Price effective from Koha item type
        2018-12-17 982 2018-12-17 2018-12-17 წიგნი